| 000 | 00953nam a2200229 a 4500 | ||
|---|---|---|---|
| 005 | 20210219160338.0 | ||
| 008 | 081013s1994 mx r 000 0 spa d | ||
| 035 | _aUPN01000163447 | ||
| 049 | _aUNE | ||
| 080 | _a376.74 (100) =40 DIF No.34 | ||
| 245 | 0 | 0 | _aDifférenciation intergroupes en milieu scolaire : Discussion méthodologique etanalyse comparative dans dix pays. |
| 260 |
_aParis : _bUNESCO; _aGeneve : _bBIE, _c1994. |
||
| 300 | _a63 p. | ||
| 440 | 0 | _aDocuments sur la formation des maitres et l'éducation multi-) | |
| 500 | _aIncluye bibliografía | ||
| 690 | _aFormacion de docentes- Multiculturalismo | ||
| 690 | _aEducacion intercultural- Formacion de docentes | ||
| 710 | 2 | _aUNESCO | |
| 710 | 2 | _aOIE. Oficina Internacional de Educación | |
| 710 | 2 | _aProject "Basic Education for participation and Democracy : Key Issues in Human Resources Development" (Teachers and Multicultural/Intercultural Education) | |
| 905 | _aUNESCO | ||
| 999 |
_c135560 _d135560 |
||